Histoire du drapeau d'Oman - Statistiques

Statistiques générales
  • Ce quiz a été pris 33 fois
  • Le résultat moyen est 4 sur 7
Statistiques - réponses
Hint Réponse % Correct
Deuxième drapeau d'Oman ( drapeau actuel depuis 1985)
75%
Empire Sassanides (224-632)
70%
Califat Omeyyades (661-750)
60%
Califat Rachidun (632-661) et califat Abbasside (750-751)
60%
Premier drapeau d'Oman (1970-1985)
55%
Empire Omani (1696-1856) et Mascate et Oman (1856-1970)
45%
Imamat d'Oman (751-1970)
35%
Aucun quiz correspondant
Distribution des résultats
% des personnes avec chaque résultat
Percentile par nombre de réponses
Votre historique - résultats
Vous n’avez pas pris ce quiz